5HLuxD.jpg

KING HENRY VIII SENIOR AND PRIMARY SCHOOL LIBRARY OPAC

Grave matter / (Record no. 880)

000 -LEADER
fixed length control field 00968nam a2200325 i 4500
001 - CONTROL NUMBER
control field 021023039
003 - CONTROL NUMBER IDENTIFIER
control field UkOxU
005 - DATE AND TIME OF LATEST TRANSACTION
control field 20191224141708.0
008 - FIXED-LENGTH DATA ELEMENTS--GENERAL INFORMATION
fixed length control field 171107s2017 stka j 000 f eng c
015 ## - NATIONAL BIBLIOGRAPHY NUMBER
National bibliography number GBB7D8214
Source bnb
016 7# - NATIONAL BIBLIOGRAPHIC AGENCY CONTROL NUMBER
Record control number 018461193
Source Uk
020 ## - INTERNATIONAL STANDARD BOOK NUMBER
International Standard Book Number 9781781126042 (pbk.) :
035 ## - SYSTEM CONTROL NUMBER
System control number (StEdNL)9926812
035 ## - SYSTEM CONTROL NUMBER
System control number (Uk)018461193
040 ## - CATALOGING SOURCE
Original cataloging agency StDuBDS
Language of cataloging eng
Description conventions rda
Transcribing agency StDuBDS
Modifying agency StEdNL
042 ## - AUTHENTICATION CODE
Authentication code ukscp
082 ## - DEWEY DECIMAL CLASSIFICATION NUMBER
Classification number FIC DAW
100 1# - MAIN ENTRY--PERSONAL NAME
Personal name Dawson, Juno
Relator term author.
245 10 - TITLE STATEMENT
Title Grave matter /
Statement of responsibility, etc. Juno Dawson ; with illustrations by Alex T. Smith.
264 #1 - PRODUCTION, PUBLICATION, DISTRIBUTION, MANUFACTURE, AND COPYRIGHT NOTICE
Place of production, publication, distribution, manufacture Edinburgh :
Name of producer, publisher, distributor, manufacturer Barrington Stoke,
Date of production, publication, distribution, manufacture, or copyright notice 2017.
300 ## - PHYSICAL DESCRIPTION
Extent 140 pages :
Other physical details illustrations ;
Dimensions 20 cm
336 ## - CONTENT TYPE
Content type term text
Source rdacontent
337 ## - MEDIA TYPE
Media type term unmediated
Source rdamedia
338 ## - CARRIER TYPE
Carrier type term volume
Source rdacarrier
655 #0 - INDEX TERM--GENRE/FORM
Genre/form data or focus term Paranormal romance stories.
655 #0 - INDEX TERM--GENRE/FORM
Genre/form data or focus term High interest-low vocabulary books.
655 #0 - INDEX TERM--GENRE/FORM
Genre/form data or focus term Young adult fiction.
700 1# - ADDED ENTRY--PERSONAL NAME
Personal name Smith, Alex T.,
Relator term illustrator.
942 ## - ADDED ENTRY ELEMENTS (KOHA)
Source of classification or shelving scheme
Koha item type Books - Fiction
Holdings
Withdrawn status Lost status Source of classification or shelving scheme Damaged status Not for loan Collection code Permanent Location Current Location Shelving location Date acquired Total Checkouts Full call number Barcode Date last seen Date last checked out Price effective from Koha item type
          Fiction KH8 Senior School Library KH8 Senior School Library Fiction 2019-12-24 2 FIC DAW 3KHSL000101634 2025-03-19 2025-03-05 2019-12-24 Books - Fiction

Powered By KH8 IT Dept